LEADER 00466nam 2200181z- 450 001 9910874780303321 005 20251116145449.0 035 $a(CKB)5670000000947630 035 $a(EXLCZ)995670000000947630 100 $a20240723c2024uuuu -u- - 101 0 $aeng 200 10$aAfrican Data Protection Laws 210 $cDe Gruyter 311 08$a3-11-079794-1 906 $aBOOK 912 $a9910874780303321 996 $aAfrican Data Protection Laws$94155914 997 $aUNINA